Recull d'experiències i actuacions municipals de les oficines tècniques i de les àrees territorials
ISBN:
84-7794-243-9
Descripción Física:
87 p. ; 30 cm
Colección:
Papers de gestió ; 12
MARC
| LEADER | 00000nam a2200000Ia 4500 | ||
|---|---|---|---|
| 001 | 10332 | ||
| 008 | 160829s1993 xx 000 0 cat d | ||
| 020 | |a 84-7794-243-9 | ||
| 080 | |a M-3-141 | ||
| 245 | |a Recull d'experiències i actuacions municipals de les oficines tècniques i de les àrees territorials | ||
| 260 | |a Barcelona : |b Diputació de Barcelona. Servei d'Acció Local, |c 1993 | ||
| 300 | |a 87 p. ; |c 30 cm | ||
| 490 | |a Papers de gestió ; 12 | ||
| 590 | |a Títol a la coberta: Programa d'Assessorament Municipal en Gestió d'Obres | ||
| 650 | 0 | |a Serveis municipals |x Barcelona (Catalunya : Província) |9 30634 | |
| 650 | 0 | |a Municipis |x Govern i administració |z Catalunya |9 40824 | |
| 710 | 1 | |a Barcelona (Catalunya : Província). |b Servei d'Acció Local |9 55536 | |
| 901 | |a Arxiu | ||
| 942 | |n 1 | ||
| 952 | |0 0 |1 0 |4 0 |6 M3141 |7 1 |9 48531 |a Arxiu |b Arxiu |d 2016-12-01 |l 0 |o M-3-141 |p 10332 |r 2016-12-01 00:00:00 |w 2016-12-01 |y ARXIU | ||
| 952 | |0 0 |1 0 |2 udc |4 0 |6 PDL |7 1 |9 63943 |a Arxiu |b Arxiu |d 2022-10-10 |l 0 |o PDL |p 26833 |r 2022-10-10 00:00:00 |w 2022-10-10 |y ARXIU | ||
| 999 | |c 52360 |d 52360 | ||